| 000 | 01438nam a2200325 i 4500 | ||
|---|---|---|---|
| 003 | EG-GICUC | ||
| 005 | 20260121101040.0 | ||
| 008 | 251025s1940 ua ad||f |||| 00| 0 ara d | ||
| 017 | _a1000/1939/24 | ||
| 040 |
_a EG-GICUC _bara _c EG-GICUC _d EG-GICUC _erda |
||
| 041 | _aara | ||
| 082 | 0 | 4 |
_221 _a343.3844 _bم ح . م |
| 092 | 0 | 4 | _221 |
| 099 | _aLaw1 10 343.3844 م ح . م 1940 | ||
| 100 | 0 |
_aمحمود أحمد عمر _eمؤلف. |
|
| 245 | 1 | 0 |
_aمجموعة القواعد القانونية التي قررتها محكمة النقض والإبرام في المواد الجنائية _nالجزء الرابع ، _pعن المدة من 2 نوفمبر سنة 1936 لغاية 30 أكتوبر سنة 1939 / _cمحمود أحمد عمر؛ راجعها الأستاذ سيد مصطفى بك . |
| 264 | 3 |
_aالقاهرة : _bمطبعة دار الكتب المصرية ، _c1940 . |
|
| 300 |
_a647 ؛ صفحة _bإيضاحيات، جداول ؛ _c24 سم |
||
| 336 |
_2rda content _atext |
||
| 337 |
_2rda media _aComputer |
||
| 338 |
_2rda carrier _aOnline Resource |
||
| 504 | _a. 647-539ببليوجرافيا: صفحات. | ||
| 504 | _aيشتمل على إرجاعات ببليوجرافية | ||
| 650 | 1 |
_aالنقض _2qrmak |
|
| 651 | 1 | _2qrmak | |
| 700 |
_aسيد مصطفى بك _eمراجع. |
||
| 856 | 4 | 0 | _uhttps://fll.law.cu.edu.eg/fulltext/bks/B10-05236.pdf |
| 905 | _aYasmin Essam | ||
| 942 |
_2ddc _cBK _e21 _n0 |
||
| 999 |
_c37249 _d37249 |
||